000 00564nam a2200217Ia 4500
003 OSt
005 20220926045234.0
006 a|||||r|||| 00| 0
007 ta
008 220923b |||||||| |||| 00| 0 eng d
037 _cGeneral Book
040 _aRTL
_cRTL
_beng
041 _2eng
_aeng
082 _aX723.243.N2, F8/GD
100 _aLeigh M S
_9349973
245 0 _aLand revenue settlements in the Punjab
260 _c1928
300 _a32p
_ccm.
942 _hX723.243.N2, F8/GD
_cGB
_2CC
999 _c677070
_d677070